A critical introduction to psychlogy / Robert K. Beshara, editor. (Record no. 22191)

000 -LEADER
fixed length control field 00517nam a22001577a 4500
020 ## - INTERNATIONAL STANDARD BOOK NUMBER
ISBN 9781536164916
082 ## - DEWEY DECIMAL CLASSIFICATION NUMBER
Classification number 150
Item number C934 2020
245 ## - TITLE STATEMENT
Title A critical introduction to psychlogy / Robert K. Beshara, editor.
260 ## - PUBLICATION, DISTRIBUTION, ETC. (IMPRINT)
Place of publication New York, NY :
Name of publisher Nova Science Publishers,
Year of publication c2020.
300 ## - PHYSICAL DESCRIPTION
Number of Pages 1 online resource, xi, 301 pages.
490 ## - SERIES STATEMENT
Series statement Psychology research progress.
500 ## - GENERAL NOTE
General note Includes bibliographical references and index.
650 ## - SUBJECT ADDED ENTRY--TOPICAL TERM
Topical Term Psychology.
700 ## - ADDED ENTRY--PERSONAL NAME
Personal name Beshara, Robert K., editor.
942 ## - ADDED ENTRY ELEMENTS (KOHA)
Koha item type Electronic Books
Holdings
Source of acquisition Permanent Location Date acquired Collection code Koha item type Lost status Shelving location Withdrawn status Current Location Full call number
Donation Cagayan State University - Carig Library2026-04-14E-BooksElectronic Books E-Resource Section Cagayan State University - Carig Library150 C934 2020

Cagayan State University University Library, Carig Campus
Tuguegarao City, Cagayan 3500 | www.csucarig.edu.ph

Powered by Koha